| 000 | 00841nas a2200289 4500 | ||
|---|---|---|---|
| 001 | BR0801501 | ||
| 003 | BR-BrBNA | ||
| 005 | 20231205111708.0 | ||
| 007 | ta | ||
| 008 | 230509b bl.|||p| |||| 00| 00por d | ||
| 040 |
_aBR-BrBNA _bpor _cBiblioteca Nacional de Agricultura |
||
| 041 | _a(Pt) | ||
| 072 | _aL72 | ||
| 100 | 1 | _aVicente, J.J. | |
| 100 | 1 | _aPinto, R.M. | |
| 245 | 1 | _aNematóides do Brasil. Nematóides de peixe atualização : 1985-1998 | |
| 650 | _aPEIXE | ||
| 650 | _aTAXONOMIA ANIMAL | ||
| 650 | _aHELMINTO | ||
| 650 | _aNEMATÓIDE | ||
| 650 | _aESPÉCIE | ||
| 650 | _aIDENTIFICAÇÃO | ||
| 650 | _aCLASSIFICAÇÃO ANIMAL | ||
| 773 | 0 |
_tRevista Brasileira de Zoologia (Brazil) _xISSN 0101-8175 _g(Sep 1999), v. 16(3) p. 561-610 _wBR0801501 |
|
| 909 |
_a202311 _bLúcia _c55 _dLúcia Elande |
||
| 942 |
_2AGRIS _n0 _cANA |
||
| 999 |
_c193998 _d193998 |
||